History Quiz

Random History or Quote Quiz
Score 0/20 Timer 05:00
0 Plays Today
Question Answer Wrong Answers
'Speak softly and carry a big stick; you will go far.' Theodore Roosevelt
90%
George Washington
3.1%
Thomas Jefferson
3.1%
Abraham Lincoln
3.6%
'When the President does it, that means that it is not illegal.' Richard Nixon
89.4%
Martin van Buren
1.2%
Woodrow Wilson
1.5%
George H. W. Bush
3.8%
'And so, my fellow Americans, ask not what your country can do for you -- ask what you can do for your country.' John F. Kennedy
88.5%
Franklin Delano Roosevelt
2.6%
Dwight D. Eisenhower
1.1%
Lyndon B. Johnson
1%
'Read my lips: no new taxes.' George H. W. Bush
87.9%
Martin van Buren
2%
Woodrow Wilson
1.1%
Richard Nixon
4.3%
'It depends on what the meaning of the words 'is' is.' Bill Clinton
80.3%
George W. Bush
4.9%
Barack Obama
4.7%
Donald Trump
5%
'The only thing we have to fear is fear itself.' Franklin Delano Roosevelt
79.6%
Dwight D. Eisenhower
3.3%
John F. Kennedy
14.3%
Lyndon B. Johnson
2.2%
'They misunderestimated me.' George W. Bush
76.9%
Bill Clinton
4%
Barack Obama
2.1%
Donald Trump
16.4%
'This is an island surrounded by water, big water, ocean water.' Donald Trump
75.8%
Bill Clinton
5.8%
George W. Bush
12.4%
Barack Obama
3.4%
'No man has a good enough memory to be a successful liar.' Abraham Lincoln
73.6%
George Washington
7.1%
Thomas Jefferson
5.6%
Theodore Roosevelt
9.5%
'I tread in the footsteps of illustrious men... in receiving from the people the sacred trust confided to my illustrious predecessor.' Martin van Buren
71.7%
Woodrow Wilson
12.3%
Richard Nixon
4.3%
George H. W. Bush
5.2%
'The war is over, the Rebels are our countrymen again, and the best sign of rejoicing after the victory will be to abstain from all demonstrations in the field.' Ulysses S. Grant
70.6%
Rutherford B. Hayes
15.1%
Chester A. Arthur
5.5%
Harry S Truman
4.9%
'The tree of liberty must be refreshed from time to time with the blood of patriots and tyrants.' Thomas Jefferson
70.1%
George Washington
9.4%
Abraham Lincoln
15.3%
Theodore Roosevelt
1.8%
'Leadership is the art of getting someone else to do something you want done because he wants to do it.' Dwight D. Eisenhower
66.8%
Franklin Delano Roosevelt
4.7%
John F. Kennedy
14.7%
Lyndon B. Johnson
8%
'The President of the United States should strive to be always mindful of the fact that he serves his party best who serves his country best.' Rutherford B. Hayes
65%
Ulysses S. Grant
10%
Chester A. Arthur
7.4%
Harry S Truman
10.9%
'I never did give anybody hell. I just told the truth and they thought it was hell.' Harry S Truman
58.6%
Ulysses S. Grant
6.8%
Rutherford B. Hayes
19.7%
Chester A. Arthur
9.9%
'The world must be made safe for democracy. Its peace must be planted upon the tested foundations of political liberty.' Woodrow Wilson
56.9%
Martin van Buren
12.9%
Richard Nixon
2.5%
George H. W. Bush
23.1%
'Until justice is blind to color, until education is unaware of race, until opportunity is unconcerned with the color of men's skins, emancipation will be a proclamation but not a fact.' Lyndon B. Johnson
53.2%
Franklin Delano Roosevelt
3%
Dwight D. Eisenhower
7.7%
John F. Kennedy
34%
'The Middle East is obviously an issue that has plagued the region for centuries.' Barack Obama
49.8%
Bill Clinton
2.1%
George W. Bush
28%
Donald Trump
14.5%
'I may be president of the United States, but my private life is nobody's damned business.' Chester A. Arthur
41.4%
Ulysses S. Grant
8.4%
Rutherford B. Hayes
33.3%
Harry S Truman
11.4%
'If the freedom of speech is taken away then dumb and silent we may be led, like sheep to the slaughter.' George Washington
28.6%
Thomas Jefferson
54.9%
Abraham Lincoln
12.9%
Theodore Roosevelt
1.8%
Remove Ads.
Support Sporcle.
Get the best of Sporcle when you Go Orange. This ad-free experience offers more features, more stats, and more fun while also helping to support Sporcle. Thank you for becoming a member.

You're not logged in!

Compare scores with friends on all Sporcle quizzes.
OR
Log In

Show Comments

Extras

Top Quizzes Today


Score Distribution

Your Account Isn't Verified!

In order to create a playlist on Sporcle, you need to verify the email address you used during registration. Go to your Sporcle Settings to finish the process.

Report this User

Report this user for behavior that violates our Community Guidelines.

Details: